Missing Word: '70s Cartoons Quiz Stats

 Plays Quiz Updated Jun 19, 2017

Support Sporcle.
Go Orange.
Score 0/20 Timer 03:00
0 Plays Today
'70s Cartoon Missing Word % Correct
___ GlobetrottersHarlem
94.4%
Josie and the ___Pussycats
90.1%
Schoolhouse ___!Rock
88.9%
The New Adventures of ___ GordonFlash
80.6%
The _____ and Bamm-Bamm ShowPebbles
79.7%
The Great ___ Ape ShowGrape
57.9%
Help!...It's the Hair ___ Bunch!Bear
52.2%
Hong Kong ___Phooey
51.2%
Scooby's All-Star ___-A-LympicsLaff
37.2%
___ BuggySpeed
25.6%
'70s Cartoon Missing Word % Correct
___ FriendsSuper
24.4%
Captain ___ and the Teen AngelsCaveman
21.1%
Lassie's Rescue ___Rangers
17.7%
The Godzilla ___ HourPower
16.8%
Yogi's ___ RaceSpace
10.6%
Groovie ___Goolies
10.6%
Wheelie and the ___ BunchChopper
8%
___, Dog WonderDynomutt
6.5%
___ Family 2200 A.D.Partridge
6.4%
The ___ StoogesRobonic
2.6%

Today's Daily Dose

You're not logged in!

Compare scores with friends on all Sporcle quizzes.
OR
Log In
Forgot?

From the Vault

The Killer Quiz

by Flick

Strangely, there's not a word for killing someone with kindness.
Remove Ads.
Support Sporcle.
Get the best of Sporcle when you Go Orange. This ad-free experience offers more features, more stats, and more fun while also helping to support Sporcle. Thank you for becoming a member.

Show Comments

Extras

Top Quizzes Today


Score Distribution

Your Account Isn't Verified!

In order to create a playlist on Sporcle, you need to verify the email address you used during registration. Go to your Sporcle Settings to finish the process.

Report this User

Report this user for behavior that violates our Community Guidelines.

Details: